Biochemcial basis for cessation of latex flow and occurrence of physiological bark dryness (Record no. 54732)

MARC details
000 -LEADER
fixed length control field 00492nam a2200145Ia 4500
100 ## - MAIN ENTRY--AUTHOR NAME
Personal name Chrestin H
245 #0 - TITLE STATEMENT
Title Biochemcial basis for cessation of latex flow and occurrence of physiological bark dryness
260 ## - PUBLICATION, DISTRIBUTION, ETC. (IMPRINT)
Name of publisher Proceedings of the International Rubber Conference, Kuala Lumpur, Malaysia, V.3. 1985; p20-40
650 ## - SUBJECT ADDED ENTRY--TOPICAL TERM
Topical Term Latex flow
650 ## - SUBJECT ADDED ENTRY--TOPICAL TERM
Topical Term Physiological bark dryness
700 ## - ADDED ENTRY--PERSONAL NAME
Personal name DAuzac J
700 ## - ADDED ENTRY--PERSONAL NAME
Personal name Jacob J L
942 ## - ADDED ENTRY ELEMENTS (KOHA)
Koha item type Journals
Holdings
Withdrawn status Lost status Damaged status Not for loan Home library Current library Shelving location Date acquired Koha item type
      Journals RRII Library RRII Library Physiology 17/12/2021 Journals